<?xml version="1.0" encoding="UTF-8"?>
<marc:record xmlns:marc="http://www.loc.gov/MARC21/slim">
   <marc:leader>00000nam a2200000 a 4500</marc:leader>
   <marc:datafield ind1="1" ind2=" " tag="100">
      <marc:subfield code="a">Hünnebeck, Marcus</marc:subfield>
      <marc:subfield code="4">aut</marc:subfield>
      <marc:subfield code="e">Verfasser/-in</marc:subfield>
   </marc:datafield>
   <marc:datafield ind1=" " ind2=" " tag="653">
      <marc:subfield code="a">Thriller</marc:subfield>
   </marc:datafield>
   <marc:datafield ind1=" " ind2=" " tag="653">
      <marc:subfield code="a">Journalismus</marc:subfield>
   </marc:datafield>
   <marc:datafield ind1="0" ind2="0" tag="245">
      <marc:subfield code="a">Tödlicher Fake</marc:subfield>
   </marc:datafield>
   <marc:datafield ind1="0" ind2="0" tag="245">
      <marc:subfield code="b">Thriller</marc:subfield>
   </marc:datafield>
   <marc:datafield ind1=" " ind2="1" tag="264">
      <marc:subfield code="b">Best Entertainment</marc:subfield>
      <marc:subfield code="c">2020</marc:subfield>
   </marc:datafield>
   <marc:datafield ind1="1" ind2=" " tag="520">
      <marc:subfield code="a">Klappentext: Du musst lügen, um nicht zu sterben. Die Journalistin Eva Haller wird am Telefon Zeugin eines Überfalls auf einen befreundeten Kollegen. Sie alarmiert Robert Drosten und Lukas Sommer. Sofort rast Hauptkommissar Sommer zur nahegelegenen Wohnung des Mannes, kann aber trotz der schnellen Reaktion das Schlimmste nicht verhindern. Der Ermordete war genau wie Haller an der Veröffentlichung eines Enthüllungsskandals beteiligt und hatte in den Wochen zuvor anonyme Drohungen erhalten. Ein zweiter blutiger Mord rückt den Skandal um gefälschte Zeitschriftenartikel in den Mittelpunkt der Ermittlungen. Will der Täter alle Personen bestrafen, die an der Enthüllung beteiligt waren? Als es dem Mörder gelingt, sich Zutritt ins Haus von Eva Haller zu verschaffen, bestätigt sich die Befürchtung. Stoppen ihn die Polizisten noch rechtzeitig, oder fordert seine Abrechnung weitere unschuldige Opfer?  Biografie Marcus Hünnebeck wurde 1971 in Bochum geboren und lebt inzwischen als freier Autor in Leipzig. Er studierte an der Ruhr-Universität Bochum Wirtschaftswissenschaften.</marc:subfield>
   </marc:datafield>
   <marc:datafield ind1=" " ind2=" " tag="020">
      <marc:subfield code="a">9783963571459</marc:subfield>
      <marc:subfield code="9">9783963571459</marc:subfield>
   </marc:datafield>
</marc:record>
